000 00741nam0a22002411 4500
001 rc\145554
005 20030307112511.0
010 _a5-7600-0046-2
_95000
035 _a(NLR Aleph) 005415383
090 _a7417973
_c7417973
100 _a20030307d1992 u |0rusy50 ca
101 0 _arus
102 _aRU
105 _aa |||||||||
200 1 _aФутбольный эрудит
_e[Сборник
_fСост. Т.М. Безубяк]
210 _aСПб.
_cИзд. предприятие "Час пик"
_d1992
215 _a109, [2] с.
_cил.
_d22
702 1 _aБезубяк
_bТ. М.
_gТарас Михайлович
_4220
801 0 _aRU
_bNLR
_gpsbo
801 1 _aRU
_bELAR
_2rusmarc
852 _aNLR
_j92-5/2024
942 _cBOOK
980 _aNB